00348 2200145 4500001002100000005001500021035002000036245005000056100002400106300001200130260002600142082000800168084001400176990001200190INLIS00000000000191020250520094739 a0010-05250002021 aBuku Pintar Matematika /cMoh. Kusnadi Wasrie0 aMoh. Kusnadi Wasrie a128 hlm aSolo :bLingkar Media a510 a510 MOH b a0754776